Länder mit den höchsten Testosteron-Werten - Statistiken

Allgemein
  • Dieses Quiz wurde 30 mal gespielt
  • Das Durchschnittsergebnis liegt bei 4 aus 15
Antwortstatistiken
Testosteron-Wert in ng/dl Land % Korrekt
668 DR Kongo
65%
625 Nigeria
57%
569 Ghana
39%
731 Kamerun
35%
599 Saudi-Arabien
35%
586 Uganda
35%
671 Äthiopien
30%
588 Sudan
30%
571 Niederlande
13%
693 Mongolei
9%
570 Serbien
9%
773 Usbekistan
9%
694 Aserbaidschan
4%
566 Dänemark
4%
752 Kroatien
4%
Keine übereinstimmenden Quizze gefunden
Verteilung der Resultate
Anzahl Personen mit jedem Resultat
Perzentil nach korrekt beantworteten Fragen
Ihre Resultats-Entwicklung
Sie haben dieses Quiz noch nicht gespielt